| 000 | 00597nam a2200181 4500 | ||
|---|---|---|---|
| 001 | 5753 | ||
| 005 | 20230410105601.0 | ||
| 008 | 060907n2001 dr spa | ||
| 020 | _a1 85339 528 5 | ||
| 035 | _9funglode5807 | ||
| 041 | _aEN | ||
| 050 | 1 | 4 | _aHD 2346 M619 2001 |
| 245 | 0 |
_aMicro-and small enterprises in Latin America : _bexperience of business development services / _cJacob Levitsky, Lene Hojmark Mikkelsen |
|
| 260 |
_aLondon : _bTecnology Development group, _c2001 |
||
| 300 | _axii, 171 p. | ||
| 700 | _aLevitsxy, Jacob \ Lene Hojimark Mikkelsen, ed | ||
| 942 |
_2lcc _cbk |
||
| 999 |
_c39709 _d39709 |
||